000 00870nam a22002177a 4500
999 _c18833
_d18833
005 20251125232910.0
008 s2544 th tha d
020 _a9742829802
040 _aNALT
041 _atha
100 0 _aปิติกุล จีระมงคลพาณิชย์
245 1 0 _aคำอธิบายกฎหมายวิธีพิจารณาความแพ่ง ภาค 1-ภาค 2
260 3 _aกรุงเทพฯ :
_bวิญญูชน,
_c2544
300 _a373 หน้า ;
_b 26 ซม.
650 0 4 _aกฎหมายวิธีพิจารณาความแพ่ง
850 _aNALT
856 4 0 _uhttps://hdl.handle.net/20.500.14156/424234
_71
942 _cLB
_2lcc
998 _j25
_k นีลวัสน์ อินทรักษา
090 _aKT63 ป615ค 2544